| 000 | 01033nac a22002291u 4500 | ||
|---|---|---|---|
| 010 | _a99031330 | ||
| 020 | _a8120317106 | ||
| 082 | 0 | 0 |
_a621.3845 _bP1899 |
| 090 |
_c904 _d904 |
||
| 100 | _aPandya, Raj, | ||
| 245 | 1 | 0 |
_aMobile and personal communication services and systems / _cRaj Pandya. |
| 260 |
_aNew Delhi : _bPrentice Hall of India, _c2004. |
||
| 300 |
_axvii, 334 p. : _bill. ; _c24 cm. |
||
| 504 | _aIncludes bibliographical references and index. | ||
| 650 | 0 | _aPersonal communication service systems. | |
| 650 | 0 | _aMobile communication systems. | |
| 856 | 4 | 2 |
_3Contributor biographical information _uhttp://www.loc.gov/catdir/bios/wiley043/99031330.html |
| 856 | 4 | 2 |
_3Publisher description _uhttp://www.loc.gov/catdir/description/wiley036/99031330.html |
| 856 | 4 | 2 |
_3Table of Contents _uhttp://www.loc.gov/catdir/toc/onix07/99031330.html |
| 942 |
_cBB _k621.3845P1899 |
||
| 999 |
_c904 _d904 |
||